Principios y métodos de psicología social
Gespeichert in:
| 1. Verfasser: | |
|---|---|
| Format: | Buch |
| Sprache: | Spanisch |
| Veröffentlicht: |
Buenos Aires
Amorrortu
1971
|
| Ausgabe: | 2a. ed |
| Schlagworte: | |
| Tags: |
Tag hinzufügen
Keine Tags, Fügen Sie den ersten Tag hinzu!
|
MARC
| LEADER | 00000nam a2200000 a 4500 | ||
|---|---|---|---|
| 001 | UCX0568 | ||
| 003 | CL-VaPUC | ||
| 008 | 891113e19710000AG |||||||||||||||||spa|d | ||
| 082 | 0 | 4 | |a 302 |b HOL |2 21 |
| 100 | |a Hollander, Edwin Paul |e author |9 333124 | ||
| 245 | 1 | 0 | |a Principios y métodos de psicología social |
| 250 | |a 2a. ed | ||
| 300 | |a 515 p | ||
| 942 | |c BK | ||
| 945 | |d 19891113 00:00:00 | ||
| 260 | |a Buenos Aires |b Amorrortu |c 1971 | ||
| 650 | 0 | |a Psicología social |9 222894 | |
| 583 | |a last modification |c 19891113 00:00:00 |k Rodrigo Vera | ||
| 999 | |c 222125 |d 222123 | ||
| 952 | |0 0 |1 0 |4 0 |6 302_000000000000000_HOL_1971 |7 0 |8 P |9 216404 |a BIBENE |b BIBENE |d 2019-11-15 |i 2850443 |o 302 HOL 1971 |p 2850443 |r 2025-01-15 |w 2019-11-15 |y BK |k ICO | ||
| 952 | |0 0 |1 0 |4 0 |6 302_000000000000000_HOL_1971 |7 0 |8 P |9 216405 |a BIBENE |b BIBENE |d 2019-11-15 |i 2850451 |o 302 HOL 1971 |p 2850451 |r 2025-01-15 |w 2019-11-15 |y BK |k ICO | ||
| 952 | |0 0 |1 0 |4 0 |6 302_000000000000000_HOL_1971 |7 0 |8 A |9 216406 |a FDOPOS |b FDOPOS |d 2019-11-15 |i 2863375 |o 302 HOL 1971 |p 2863375 |r 2025-01-22 |w 2019-11-15 |y BK |k MLA | ||